Reparar la escritura: didáctica de la correción de lo escrito
Na minha lista:
| Autor principal: | |
|---|---|
| Formato: | Livro |
| Idioma: | espanhol |
| Publicado em: |
Barcelona
Graó
1997
|
| Edição: | 5a. ed |
| Colecção: | Serie Biblioteca de Aula, 108
|
| Assuntos: | |
| Tags: |
Adicionar Tag
Sem tags, seja o primeiro a adicionar uma tag!
|
MARC
| LEADER | 00000nam a2200000 a 4500 | ||
|---|---|---|---|
| 001 | UCO8429 | ||
| 003 | CL-VaPUC | ||
| 008 | 001207e19970000SP |||||||||||||||||spa|d | ||
| 020 | |a 8478270507 | ||
| 082 | 0 | 4 | |a 372.623 |b CAS |2 21 |
| 100 | 0 | |a Cassany, Daniel |e author |9 453368 | |
| 245 | 1 | 0 | |a Reparar la escritura: didáctica de la correción de lo escrito |
| 250 | |a 5a. ed | ||
| 300 | |a 129 p | ||
| 942 | |c BK | ||
| 945 | |d 20001207 00:00:00 |a vberengu | ||
| 260 | |a Barcelona |b Graó |c 1997 | ||
| 650 | 0 | |a Composición literaria |9 324494 | |
| 650 | 7 | |a TECNICAS DE CORECCION |2 CL-VaPUC |9 453369 | |
| 650 | 0 | |a Escritura |9 264941 | |
| 650 | 0 | |a Ortografía |9 309144 | |
| 583 | |a last modification |c 20001207 00:00:00 |k Rodrigo Vera | ||
| 490 | 0 | |a Serie Biblioteca de Aula, 108 | |
| 999 | |c 293088 |d 293086 | ||
| 952 | |0 0 |1 0 |4 0 |6 372_623000000000000_CAS_1997 |7 0 |8 A |9 344268 |a BIBEDU |b BIBEDU |c ES_NOD |d 2019-11-20 |i 3674517 |l 5 |m 2 |o 372.623 CAS 1997 |p 3674517 |r 2023-08-09 |s 2022-04-18 |w 2019-11-20 |y BK |k LIT | ||